Neural, novel & hybrid algorithms for time series prediction

Αποθηκεύτηκε σε:
Λεπτομέρειες βιβλιογραφικής εγγραφής
Κύριος συγγραφέας: Masters, Timothy
Μορφή: Βιβλίο
Γλώσσα:English
Δημοσίευση: New York : John Wiley, c1995
Θέματα:
Ετικέτες: Προσθήκη ετικέτας
Δεν υπάρχουν, Καταχωρήστε ετικέτα πρώτοι!

MARC

LEADER 00000nam a2200000 i 4500
001 1/96003
008 000210s1995 eng d
020 |a 0471130419 
035 |l 10055559 
040 |a GR-MY-UA  |b gre  |e aacr 
041 0 |a eng 
082 0 |a 519.55 
100 1 |a Masters, Timothy. 
245 1 0 |a Neural, novel & hybrid algorithms for time series prediction /  |c Timothy Masters 
260 |a New York :   |b John Wiley,   |c c1995 
300 |a xvii, 514 p.;  |b ill.;  |c 24 cm.+  |e 1 computer laser optical disc (4 3/4 in.) 
504 |a Includes bibliographical references and index 
650 0 0 |a Neural networks (Computer science) 
650 0 0 |a Algorithms. 
852 |a INST  |b SAMOS  |e 20000210  |h 519.55 MAS  |p 005300016356  |q 005300016356  |t BK  |y 0 
852 |a INST  |b SAMOS  |e 20000210  |h 519.55 MAS   |p 005300013393  |q 005300013393  |t BK  |y 0 
901 |a BIBL3-2000-1 
909 |a Σ  |b 071024 
909 |a Σ  |b 071925 
922 |a 3ΕΛΗ  |b 199911  |c ΤΠΕΣ  |d ΠΑΠΑΣΩΤΗΡΙΟΥ 
950 |a 133-1999-07-20 
970 |a ΠΟΥΡΝΑΡΑΣ  |b ΔΗΜΗΤΡΗΣ  |z 2000/02/10